[Event "Natal Potiguar op"]
[Site "Natal"]
[Date "2013.07.06"]
[Round "4"]
[White "De Reis, Paulo F Jatoba"]
[Black "Rocha, Vitor Firmo de Souz"]
[Result "0-1"]
[WhiteElo "2416"]
[BlackElo "2012"]
[PlyCount "88"]
[EventDate "2013.07.05"]
[EventType "swiss"]
[EventRounds "6"]
[EventCountry "BRA"]
[SourceTitle "EXT 2014"]
[Source "ChessBase"]
[SourceDate "2013.11.20"]
[SourceVersion "1"]
[SourceVersionDate "2013.11.20"]
[SourceQuality "1"]

1. c4 b6 2. Nc3 Bb7 3. e4 e6 4. Bd3 c5 5. Nf3 d6 6. 0-0 Nd7 7. Bc2 Ngf6 8. d4 cxd4 9. Nxd4 a6 10. a4 Be7 11. a5 0-0 12. axb6 Nxb6 13. Qe2 Qc7 14. Bd3 Rac8 15. b3 Rfd8 16. Bd2 g6 17. Na4 Nbd7 18. Qe1 Qb8 19. Ba5 Re8 20. Qb1 d5 21. exd5 exd5 22. Re1 Qf4 23. Ne2 Qh4 24. g3 Qh6 25. Qc1 Qf8 26. Nf4 Bd6 27. Rxe8 Qxe8 28. Nb6 Nxb6 29. Bxb6 dxc4 30. Bf1 Qc6 31. Bg2 Qxb6 32. bxc4 Bxf4 33. Qxf4 Bxg2 34. Kxg2 Qe6 35. h4 Rxc4 36. Qb8+ Kg7 37. Qa7 Qe4+ 38. Kg1 Ra4 39. Rc1 Qe6 40. Qc5 Re4 41. Qc3 Qe5 42. Qd2 Re2 43. Qb4 a5 44. Qb1 Qb2 0-1